[Event "London Classic 3rd"]
[Site "London"]
[Date "2011.12.05"]
[Round "3"]
[White "Carlsen, Magnus"]
[Black "Nakamura, Hikaru"]
[Result "1-0"]
[WhiteElo "2826"]
[BlackElo "2758"]
[Annotator "Saunders,John C"]
[PlyCount "81"]
[EventDate "2011.12.03"]
[EventType "tourn"]
[EventRounds "9"]
[EventCountry "ENG"]
[EventCategory "20"]
[SourceTitle "CBM 146"]
[Source "ChessBase"]
[SourceDate "2012.01.18"]
[SourceVersion "1"]
[SourceVersionDate "2012.01.18"]
[SourceQuality "1"]

1. e4 e5 2. Nf3 Nc6 3. Bc4 Nf6 4. d3 ({Anyone hoping for something brash like} 4. Ng5 {or 4 d4 would have been disappointed. Magnus is not trying to provoke a slugging match because his opponent would love that. He is going to play it nice and slow. His style reminds me of those weird cycling races where they start by pootling round the track like old grannies doing their shopping, and only start pedalling furiously during the last couple of laps.}) 4... Bc5 5. c3 d6 6. Bb3 a6 7. Nbd2 Ba7 {Beginners are always told by their coaches not to move a piece twice in the opening unless they have to. And yet Magnus and Hikaru have both done it already. But they know what they are doing, just as the ancients who developed this line did when they called it the Giuoco Piano - 'quiet game'.} 8. Nf1 h6 9. Ng3 O-O 10. O-O Be6 11. h3 Qd7 ({Perhaps Hikaru would have been better off trying to provoke something a bit sharper with} 11... d5 {here. As played, Magnus gradually works his way towards the sort of manoeuvring position he favours.}) ({RR} 11... d5 12. Qe2 Re8 13. Rd1 Qe7 14. Nh4 dxe4 15. Nhf5 Qf8 16. dxe4 Bxb3 17. axb3 Ne7 18. Qf3 Nxf5 19. Nxf5 Re6 20. Be3 Bxe3 21. Nxe3 Rd8 22. b4 {½-½ (22) Landa,K (2597)-Adams,M (2707) Enschede 2006}) ({RR} 11... Re8 12. Bc2 d5 13. Qe2 b5 14. Bb3 a5 15. exd5 Bxd5 16. Bxd5 Qxd5 17. Ne4 Qe6 18. Be3 Bxe3 19. Qxe3 Rad8 20. Rfe1 Nd5 21. Qd2 Nf4 22. d4 Qg6 23. Ng3 Qf6 24. dxe5 Nxe5 25. Rxe5 Rxe5 26. Qxd8+ {Bochnicka,V (2351)-Sheehan,E (2363) chess.com INT 2025 0-1 (32)}) 12. Be3 {"I was pretty happy to get in Be3" (Carlsen)} Ne7 $146 ({RR} 12... Rfe8 13. Bxa7 Rxa7 14. Re1 d5 15. d4 dxe4 16. Nxe4 Bxb3 17. Nxf6+ gxf6 18. Qxb3 e4 19. Nh2 f5 20. Re2 Na5 21. Qc2 Nc4 22. Rae1 Raa8 23. f3 Nd6 24. Qc1 Kg7 25. Qf4 Re6 26. fxe4 fxe4 27. Ng4 {Mogollon Tobar,N (2068)-Kamarova,Z (1871) Florianopolis BRA 2024 1-0 (45)}) ({RR} 12... d5 13. Bxa7 Rxa7 14. Qe2 Re8 15. Nh4 Ne7 16. Bc2 d4 17. f4 exf4 18. Rxf4 Qb5 19. Raf1 Nh7 20. Nhf5 Ng6 21. R4f2 Qxb2 22. cxd4 Qxa2 23. d5 Bxd5 24. Qe3 Raa8 25. Qd4 Re5 26. exd5 Qxd5 27. Qxd5 {Zepeda,L (2156)-Buckels,V (2058) Hoogeveen 2013 1-0 (45)}) 13. Nh4 Ng6 ({When you've played h3, you always have to make sure you are in control if your opponent plays} 13... Bxh3 {. In this case, White's plan is to continue} 14. Bxa7 Rxa7 15. gxh3 Qxh3 16. Ng2 $1 (16. Nf3 $2 {loses to} Ng6 $1) 16... Ng4 17. Re1 Qh2+ 18. Kf1 Qh3 {and now} 19. f3 $1 {secures White a winning advantage. Both players had foreseen this. However, the move played is also a little suspect as it cedes White a tiny plus. And a tiny plus is sometimes all Magnus Carlsen needs to work on.}) 14. Nhf5 Ne7 15. Nxe7+ Qxe7 16. Bxa7 Rxa7 17. f4 c5 {"I think it's easier to play for White" (Carlsen). Nakamura later admitted he spent too much time thinking around moves 14 and 15 - a sign that he wasn't in his comfort zone.} 18. Bc2 $5 ({Magnus said he was thinking about} 18. a4 {instead, while Vlad Kramnik expressed surprise that he should have retreated his bishop from b3. My analysis engine is a little surprised too. Perhaps it is these small, filigree differences between Magnus and the other top players which define his unique style.}) 18... b5 19. Qd2 Rb7 20. a3 a5 21. Rf2 {"I think this position should be fine. I'm a little confused as to what happened" (Nakamura). Incidentally, it was very good of Hikaru to come to the commentary room after his defeat, and honest of him to make such a candid confession.} b4 22. axb4 axb4 23. Raf1 bxc3 24. bxc3 exf4 25. Rxf4 Nh7 26. d4 cxd4 27. cxd4 Qg5 28. Kh2 Nf6 29. Bd1 Rfb8 ({"I guess it's losing. It's a little bit strange," said a bemused Nakamura in the commentary, still unable to understand quite why he lost. He had seen the exchange sacrifice coming but wasn't concerned about it during the game. It would be no consolation but chess engines don't seem to understand this position either. Nakamura wondered about} 29... Ra8 {so that if} 30. h4 {Black can play} Qa5 {and offer a queen exchange.}) (29... Ng4+ $5 {was another Nakamura suggestion in the commentary room.}) 30. h4 Qg6 {[diag]} 31. Rxf6 $1 {Not conclusive by any means but it complicates the game and gives Magnus the sort of game he likes to play. For the exchange, White has weakened the black pawns and he will have some dangerous piece play against Nakamura's king and queen. Meanwhile the two black rooks are some way from reaching posts where they can threaten retribution.} gxf6 32. Qf4 (32. d5 Bd7 33. Qc3 {is what Deep Rybka advocates here but 'Deep Carlsen' has other ideas.}) 32... Rb2 ({Nakamura's instincts are to be active but with hindsight one wonders whether he might have been better off digging in with a move like} 32... Rd8) 33. Bh5 Qg7 34. Bf3 Ra8 $2 ({Hikaru starts to wilt under pressure of clock and position.} 34... Rd8 35. Nh5 Qg6 36. d5 Bc8 37. Nxf6+ {is good for White but Black is still in the game.}) 35. d5 Bc8 36. Nh5 Qf8 (36... Qg6 37. Qxd6 {is also very difficult for Black.}) 37. Nxf6+ Kh8 {[diag] If you count the material, Black is still OK but the black king is very weak while its opposite number is rock solid. And White has piece which is not doing much which he can deploy very effectively.} 38. Rc1 $1 {It seems a little ironic, because White only has one rook to his opponent's two, but the c1 rook packs the more powerful punch. It's coming to c7, to threaten Rxf7 followed by Qxh6+ and mate, or Rc6 and simply Rxd6.} Kg7 ({If, for example, the a8 rook moves forward with} 38... Ra6 {, then White plays} 39. Rxc8 $1 {followed by 40 Qxh6 mate.}) 39. e5 $1 {Opening the long diagonal but also giving his bishop the use of the e4 square. The black pieces find themselves out of play and the end is in sight.} dxe5 40. Nh5+ (40. Qxe5 {wins in much the same way.}) 40... Kh7 41. Be4+ (41. Be4+ Kg8 42. Qg3+ Kh8 43. Qxe5+ f6 44. Qxb2 {is crushing.}) 1-0

[Event "London Classic 3rd"]
[Site "London"]
[Date "2011.12.12"]
[Round "9"]
[White "Short, Nigel D"]
[Black "Carlsen, Magnus"]
[Result "1/2-1/2"]
[WhiteElo "2698"]
[BlackElo "2826"]
[PlyCount "153"]
[EventDate "2011.12.03"]
[EventType "tourn"]
[EventRounds "9"]
[EventCountry "ENG"]
[EventCategory "20"]
[SourceTitle "CBM 146"]
[Source "ChessBase"]
[SourceDate "2012.01.18"]
[SourceVersion "1"]
[SourceVersionDate "2012.01.18"]
[SourceQuality "1"]

1. e4 e5 2. Nf3 Nc6 3. Bc4 Bc5 4. Nc3 ({RR} 4. d3 Nf6 {½-½ (7) Emiroglu,C (2304)-Petkov,V (2493) Izmir 2016}) 4... Nf6 5. d3 d6 6. Be3 Bb6 7. Bb3 ({RR} 7. Bxb6 axb6 8. h3 O-O 9. O-O Na5 10. Bb3 c6 11. Nd2 b5 12. Kh1 b4 13. Ne2 d5 14. Ng3 Qd6 15. Qe2 Re8 16. Rae1 Bd7 17. f4 Nxb3 18. axb3 exf4 19. e5 Qc5 20. Rxf4 Rxe5 21. Qxe5 Re8 {Neiksans,A (2454)-Georgiev,K (2685) Liepaja 2006 0-1 (46)}) 7... Be6 ({RR} 7... Nd4 8. Bxd4 exd4 9. Ne2 Bg4 10. Qd2 c5 11. Ba4+ Nd7 12. Qf4 Ba5+ 13. Kf1 Bxf3 14. gxf3 Qe7 15. Qg4 g6 16. Nf4 O-O-O 17. Nd5 Qe6 18. Bxd7+ Rxd7 19. h4 f5 20. Qg3 Rf8 21. Ke2 Re8 22. Kd1 {Haas,M (2101)-Tschann,S (2216) Baden 2019 ½-½ (67)}) 8. O-O $146 O-O 9. h3 Re8 10. Bxb6 axb6 11. Ne2 h6 12. Ng3 d5 13. c3 b5 14. Re1 d4 15. Qc2 dxc3 16. bxc3 Qd7 17. Rad1 Na5 18. d4 exd4 19. cxd4 Nxb3 20. axb3 c6 21. d5 cxd5 22. e5 Nh7 23. Nd4 f6 24. Qd3 fxe5 25. Nxe6 Qxe6 26. Qxd5 Nf6 27. Qxb5 Ra6 28. Qxb7 Rb6 29. Qc7 Rxb3 30. Rd6 Qf7 31. Qc5 e4 32. Rc6 Rd3 33. Rc8 Rxc8 34. Qxc8+ Kh7 35. Qf5+ Qg6 36. Qxg6+ Kxg6 37. Nxe4 Nxe4 38. Rxe4 Rd2 39. Re5 Kf6 40. Rh5 Kg6 41. g4 Ra2 42. Kg2 Kh7 43. Rf5 Ra3 44. f3 Kg8 45. Kg3 Ra1 46. Rc5 Ra4 47. h4 Kf7 48. Rc7+ Kg8 49. g5 hxg5 50. hxg5 g6 51. Re7 Kf8 52. Re4 Ra5 53. Kg4 Kf7 54. Rb4 Kg7 55. Rb7+ Kg8 56. Rb3 Kf7 57. f4 Ra4 58. Kf3 Kg7 59. Rb7+ Kf8 60. Rd7 Rb4 61. Ke3 Ra4 62. Rd4 Ra7 63. Rd6 Kg7 64. Ke4 Re7+ 65. Kd5 Rf7 66. Ke5 Rf5+ 67. Ke4 Rf7 68. Rc6 Re7+ 69. Kd5 Rf7 70. Rc4 Rf5+ 71. Ke4 Rf7 72. Ke5 Rf5+ 73. Ke6 Kg8 74. Rc8+ Kg7 75. Rc7+ Kg8 76. Rc8+ Kg7 77. Rc7+ 1/2-1/2

[Event "Tata Steel-A 74th"]
[Site "Wijk aan Zee"]
[Date "2012.01.17"]
[Round "4"]
[White "Caruana, Fabiano"]
[Black "Carlsen, Magnus"]
[Result "1/2-1/2"]
[WhiteElo "2736"]
[BlackElo "2835"]
[PlyCount "67"]
[EventDate "2012.01.14"]
[EventType "tourn"]
[EventRounds "13"]
[EventCountry "NED"]
[EventCategory "21"]
[SourceTitle "CBM 147"]
[Source "ChessBase"]
[SourceDate "2012.03.16"]
[SourceVersion "1"]
[SourceVersionDate "2012.03.16"]
[SourceQuality "1"]

1. e4 e5 2. Nf3 Nc6 3. Bb5 Nf6 4. O-O Nxe4 5. d4 Nd6 6. Bxc6 dxc6 7. dxe5 Nf5 8. Qxd8+ Kxd8 9. Nc3 Ke8 10. h3 Bb4 11. Ne2 Be6 12. Nf4 Bd5 13. Nxd5 cxd5 14. g4 Ne7 15. Nd4 Bc5 $146 ({RR} 15... h5 16. Kg2 hxg4 17. hxg4 Kd7 18. Bg5 Ng6 19. f4 Raf8 20. Nf5 f6 21. exf6 gxf6 22. Bh6 Nh4+ 23. Nxh4 Rxh6 24. Nf5 Rg6 25. Kf3 Rfg8 26. Rg1 Bc5 27. Rg2 Rh8 28. Rd2 Kc6 29. Re1 Rh3+ 30. Ng3 {Pijpers,A (2462)-Feller,S (2569) Belgium 2018 1-0}) 16. Rd1 h5 17. Kg2 Bxd4 18. Rxd4 c5 19. Rd3 d4 20. b4 cxb4 21. Rxd4 Nc6 22. Rd5 hxg4 23. hxg4 Rd8 24. Rxd8+ Kxd8 25. Bg5+ Kc7 26. f4 b5 27. Rd1 a6 28. Rd5 Re8 29. Kf3 Rh8 30. Kg2 Re8 31. Bh4 Na5 32. Bf2 Nc4 33. Kf3 g6 34. Bd4 1/2-1/2

[Event "Tata Steel-A 74th"]
[Site "Wijk aan Zee"]
[Date "2012.01.27"]
[Round "11"]
[White "Carlsen, Magnus"]
[Black "Topalov, Veselin"]
[Result "1-0"]
[WhiteElo "2835"]
[BlackElo "2770"]
[Annotator "Ramirez Alvarez,Alejandro"]
[PlyCount "111"]
[EventDate "2012.01.14"]
[EventType "tourn"]
[EventRounds "13"]
[EventCountry "NED"]
[EventCategory "21"]
[SourceTitle "CBM 147"]
[Source "ChessBase"]
[SourceDate "2012.03.16"]
[SourceVersion "1"]
[SourceVersionDate "2012.03.16"]
[SourceQuality "1"]
[TimeControl "6000+30"]

1. e4 c5 2. Nf3 d6 3. Bb5+ Nd7 4. c3 Ngf6 5. Qe2 a6 6. Ba4 Qc7 {Not the main move, but it scores quite well. A lot of games have seen 6... b5 instead.} 7. O-O e5 {And this is new, Volokitin had tried c4 against a weaker opponent a few years ago.} ({RR} 7... c4 8. Bc2 e5 9. b4 Nb6 10. a4 Be6 11. h3 h6 12. Re1 Be7 13. a5 Nbd7 14. d4 cxd3 15. Bxd3 d5 16. exd5 Nxd5 17. Ra2 O-O 18. Rc2 Rac8 19. Bd2 Rfd8 20. Na3 Bf8 21. Nc4 Nf4 22. Bxf4 {Morozevich,A (2625)-Salov,V (2670) Madrid 1996 0-1 (59)}) 8. d4 b5 9. Bc2 cxd4 $146 {This move requires a little bit of an explanation. Black doesn't really want to concede the c3 square for White's , but at the same time, this move is useful because it takes the sting out of a4, which would have been the reply to any other logical move. The position heavily resembles a Ruy Lopez more than a Sicilian, due to the  positioning on c2 and the pawn structure.} (9... Be7 10. a4 b4 11. dxc5 dxc5 12. Nbd2 {[%cal Rd2c4] eeally emphasizes the weakness left on c4 by pushing the pawn.}) ({RR} 9... Be7 10. a4 bxa4 11. Bxa4 O-O 12. d5 Nb6 13. Bc2 c4 14. Na3 Bb7 15. Be3 Nfd7 16. Nd2 Rfc8 17. f3 a5 18. Qf2 Ba6 19. g4 Qd8 20. f4 exf4 21. Qxf4 Ne5 22. Nf3 Nbd7 23. Bd4 f6 24. Ba4 {Zhou,G (2243)-Duong,T (2317) Ho Chi Minh City 2016 ½-½ (63)}) ({RR} 9... Be7 10. a4 b4 11. Bd3 exd4 12. cxd4 cxd4 13. Nxd4 Nc5 14. Bf4 O-O 15. Nd2 Bg4 16. f3 Bd7 17. a5 Nh5 18. Be3 d5 19. f4 Nxd3 20. Qxh5 dxe4 21. f5 Qe5 22. Nc4 Qf6 23. Nb6 Qd6 24. f6 {Varun,V (2173)-Shyam,N (2449) Chennai IND 2025 1-0 (38)}) 10. cxd4 Be7 11. Nc3 (11. a4 b4 {is nowhere near as threatening now.}) 11... O-O 12. Bg5 h6 13. Bh4 Bb7 14. Rad1 Rac8 15. Bb3 Rfe8 16. dxe5 dxe5 17. Bg3 Bf8 18. h3 Nb6 {So far both sides have developed in a very logical fashion. Black should be quite happy with the results of the opening: all his pieces are on good squares and he has a sound pawn structure. His last move prepares the very natural ...c4, which will block out the strong  on b3, and pressure b2.} 19. Nh4 $5 Nc4 20. Nf5 {And this is where things start to get wild. Magnus' h4 was already an indication that this move will follow, as there was no satisfactory way to meekly defend the b2 pawn.} Nxb2 21. Bh4 $5 (21. Rc1 Nc4 22. Bh4 g5 $15 {Gives White some compensation but I'm not sure it is enough. The  on f5 does look powerful, but a pawn is a pawn. It's possible that Black is just better in this position.}) (21. Nxh6+ $5 gxh6 22. Bh4 Bg7 (22... Qc6 23. Bxf6 Qxf6 24. Qxb2 $14) 23. Bxf6 Bxf6 24. Qg4+ Kh8 25. Rd7 Qxc3 26. Bxf7 Red8 $17 {And here White has a scary looking attack, but it does seem like Black will survive by all means.}) 21... Nxd1 {Topalov "goes for it" but he might not have had a choice.} (21... g5 {Seemed like the more prudent way to play, but that is not quite the case.} 22. Rd6 $3 Bxd6 $8 23. Nxh6+ Kf8 24. Bxg5 $13 {And despite being up a rook (!) White's threats look extremely powerful. Specifically, xf6 and g4 or f5 and h5+. A crazy position that should be analyzed in depth.}) 22. Bxf6 Nxc3 (22... gxf6 $2 23. Nxd1 $16 {gives White way too much compensation for his lost material, as h5 is the next move and the attack is huge.}) (22... Re6 $5 {is a very clever move. If White takes on e6, then after fxe6 the g7-pawn will be better defended and it kicks out the  on f5. Again, this position would require lots of analysis, but let's take a look at the most obvious.} 23. Nxh6+ (23. Bxe6 Nxc3 $5 24. Nxh6+ Kh7 25. Qh5 g6 $13) 23... Kh7 24. Qh5 g6 $1 25. Qh4 Bxh6 26. Rxd1 g5 $1 27. Bxg5 Rg6 $13) 23. Qg4 Bxe4 {A very logical move. The bishop hurries back to the defense and attacks the f5-. It also covers the b1-h7 diagonal which can be important in many variations.} (23... Re6 {was very interesting but it's hard to play during a game. Again, this will be analyzed in full.} 24. Nxh6+ (24. Nxg7 $5 Rxf6 25. Ne8+ Kh8 26. Nxf6 Bg7 27. Qf5 Bxf6 28. Qxf6+ Kg8 29. Qg6+ Kf8 30. Qxh6+ Ke8 {Might just not work for White though.}) 24... Kh7 25. Nxf7 $13) 24. Nxh6+ (24. Nxg7 Kh7 25. Nxe8 Rxe8 26. Rd1 $1 {is a very surprising resource. Here Black is powerless against the threat of d7, but he can still defend once the  penetrates.} Bg6 (26... Nxd1 $4 27. Qxe4+ Kg8 28. Qg6+) 27. Rd7 Ne2+ 28. Kf1 Ng3+ 29. fxg3 Qc1+ 30. Ke2 {with an incredibly messy position.}) 24... Kh7 25. Bxf7 {A lot of pieces are swarming around the black king. It is easy to say this during post mortem analysis: I just don't see what White is threatening at the moment. However, during the heat of battle, I can't imagine having a scarier position.} Qxf7 $2 {This is a little bit of a panic mode.} (25... Bd3 {and I'm not sure what White's followup is.} 26. Qh5 Ne2+ 27. Kh1 Nf4 {and it looks like it's checkmate but it's not, so Black wins.}) 26. Nxf7 gxf6 {Black still has a considerable material advantage, but unfortunately for him his K is very exposed. Carlsen must be quick to exploit this, because as soon as Black gets any kind of coordination he will be lost.} 27. f4 $8 Bg6 28. Qh4+ Kg7 29. fxe5 Ne4 30. Rxf6 Bc5+ 31. Kh2 Nxf6 32. Qxf6+ Kh7 33. Ng5+ Kh6 {White has sacrificed even more material, but in compensation Black's  is even more exposed. It is funny how those things work. In any case, it is clear the Magnus now has a perpetual and I'm sure many GMs would be willing to finish such an exhausting game, but that's not the attitude that's made Magnus the #1 player in the world.} 34. Ne6 (34. Nf7+ Kh7 $11) 34... Rxe6 35. Qxe6 Re8 36. Qf6 {To be fair, it doesn't take much to realize that White still holds a perpetual in his hands whenever he wants it. He just has to be careful not to overpress.} Be7 $2 {I'm not sure why Topalov gifted the a6-pawn, but maybe a loss of perspective can explain it. After defending so much and having such wild material differences, it is sometimes hard to remember that one pawn can make a big difference.} (36... a5 {was quite a superior move. Not only does it save the pawn, it keeps the pressure on e5 which is very important.}) 37. Qxa6 $14 b4 38. Qc4 Bf8 39. g4 Kh7 40. e6 Bd6+ {Move 40 has finally been reached, but sadly for Topalov his position isn't so good any more. This is mainly due to the fact that the e6-pawn is very hard to get to, and the two passed pawns on the kingside are very powerful. On top of that, there is no way to create counterplay. This is a very tough defense.} 41. Kg2 Be7 42. Qc7 {Black is almost in Zugzwang in this position, and actually 42...g7 is forced.} Kg8 43. Kg3 Kf8 44. Qf4+ $6 {An innacuracy, a better way to do what Magnus did in the game was by putting the  on e5 immediately.} (44. Qe5 $1 {threatening h8 mate.} Kg8 45. h4 {is much more like it, with strong threats.}) 44... Kg7 45. Qd4+ Kg8 46. h4 Rd8 47. Qc4 Bd3 $6 {And with this move Topalov returns the favor, it was imperative to take this one hope of counterplay and go for it.} (47... Rd3+ $1 48. Kg2 Rd2+ (48... Bxh4 $2 49. e7+ $18) 49. Kf3 Bxh4 {and it seems Black is safe. Easier said with a lot of time to analyze the position though, as it looks quite scary.}) 48. Qc6 Bb1 $2 {But this move just loses. It is way too aggressive, which is unsurprising considering Topalov's usual 'defense' methods, but it was not what the position required.} (48... Kg7 49. g5 Bg6 {still gave good drawing chances since the  can't easily cross to the 4th rank to support the pawn.}) 49. h5 {Winning but not as easily as....} (49. Qb7 $1 {And now Black has serious problems with the positioning of his pieces.} Kf8 $2 (49... Re8 50. Qd7 Kf8 51. Qd1 {and again  somewhere in the f-file next move.}) (49... Bd6+ 50. Kh3 $18 {threatens both f7 and e7 and just e7 directly.}) 50. Qf3+ Kg8 51. Qf7+) 49... Bxa2 50. Qe4 {Black is simply dominated in this position, and his  is rapidly being entangled in a mating net.} Kh8 51. h6 Bf6 52. e7 Re8 53. Qf4 Bg7 54. hxg7+ Kxg7 55. g5 Kg8 56. Qf6 {Definitely not Topalov's most shining moment. It is possible that he was simply winning and that Carlsen's sacrifices were not much more than a bluff, but the bluff paid off. Even then, the endgame was quite holdable, but Topalov's over-aggression prevented him from cooly maintaining a passive defense, and that cost him the game. Wild and exciting chess!} 1-0

[Event "Tata Steel-A 74th"]
[Site "Wijk aan Zee"]
[Date "2012.01.28"]
[Round "12"]
[White "Carlsen, Magnus"]
[Black "Kamsky, Gata"]
[Result "1/2-1/2"]
[WhiteElo "2835"]
[BlackElo "2732"]
[PlyCount "117"]
[EventDate "2012.01.14"]
[EventType "tourn"]
[EventRounds "13"]
[EventCountry "NED"]
[EventCategory "21"]
[SourceTitle "CBM 147"]
[Source "ChessBase"]
[SourceDate "2012.03.16"]
[SourceVersion "1"]
[SourceVersionDate "2012.03.16"]
[SourceQuality "1"]

1. e4 e5 2. Nf3 Nc6 3. Bb5 a6 4. Ba4 Nf6 5. O-O Be7 6. Re1 b5 7. Bb3 O-O 8. c3 d5 9. d4 dxe4 10. Nxe5 Bb7 11. Nxc6 Bxc6 12. Bg5 Nd5 ({RR} 12... h6 13. Bxf6 Bxf6 14. Nd2 Re8 15. Qg4 Bd7 16. Qh5 Be6 17. Nxe4 Bxb3 18. axb3 Be7 19. b4 c6 20. Re3 a5 21. bxa5 Rxa5 22. Rae1 Kh8 23. Qxf7 {1-0 (23) Kamsky,G (2657)-Lavrov,M (2398) Chess.com INT 2021}) 13. Bxe7 Qxe7 14. Nd2 f5 15. f3 $146 ({RR} 15. c4 bxc4 16. Nxc4 Kh8 17. Ne3 Rad8 18. Rc1 Bb7 19. Rc5 c6 20. Nc4 Nf4 21. Ne5 Rd6 22. g3 Ne6 23. Rc4 c5 24. Qh5 Nxd4 25. Rxd4 cxd4 26. Nf7+ Rxf7 27. Qxf7 Qxf7 28. Bxf7 Bd5 29. Bxd5 Rxd5 {Dubreuil,R (1502)-Le Bas,N (1655) Montreal 2012 0-1 (47)}) 15... e3 16. c4 Nf4 17. cxb5+ Kh8 18. Nc4 e2 19. Qd2 Qg5 20. Rxe2 Nxe2+ 21. Qxe2 Bxb5 22. Qe3 f4 23. Qe5 Qh4 24. Qe1 Qxe1+ 25. Rxe1 Bxc4 26. Bxc4 c6 27. Re6 Rf6 28. Re4 a5 29. h4 Rd8 30. Re5 a4 31. Ra5 Rfd6 32. Rxa4 Rxd4 33. b3 g6 34. Kh2 Kg7 35. Ra6 Rd2 36. a4 Rf2 37. Ra7+ Kh8 38. Kh3 h5 39. Rf7 Rdd2 40. Rxf4 Rxg2 41. Rf7 Rh2+ 42. Kg3 Rdg2+ 43. Kf4 Rxh4+ 44. Ke5 Rg5+ 45. Kf6 Rf5+ 46. Kxg6 Rxf7 47. Bxf7 Rf4 48. Be6 Rxf3 49. Kxh5 Re3 50. Bc4 Kg7 51. Kg5 Re5+ 52. Kf4 Kf6 53. Bd3 Rh5 54. Be4 c5 55. Bd3 Rh4+ 56. Ke3 Ke5 57. a5 Rh3+ 58. Ke2 Kd4 59. Bc4 1/2-1/2